000 00553nam a2200229Ia 4500
003 OSt
005 20220924142007.0
006 a|||||r|||| 00| 0
007 ta
008 220923b |||||||| |||| 00| 0 ben d
024 _a300008
037 _cTextual
040 _aARTS
_cARTS
_bben
041 _2ben
_aben
082 _aTxM581w, 157E5
100 _aSharma
_9101321
245 0 _aSaradaranjan prasanga
260 _c1915
650 _aEDUCATION
942 _hTxM581w, 157E5
_cTEXL
_2CC
999 _c448909
_d448909